| 000 | 00577nam a2200181Ia 4500 | ||
|---|---|---|---|
| 003 | GCL | ||
| 008 | 140319s9999 xx 000 0 ara d | ||
| 040 |
_aGCL / _cGCL |
||
| 082 | 0 | 4 |
_a341.48 _bم ح |
| 100 | 1 | _aمحمد سعيد مجذوب | |
| 245 | 1 | 0 |
_aالحريات العامة وحقوق الانسان / _cمحمد سعيد مجذوب |
| 300 | _a232 ص | ||
| 490 |
_aالهيئة العامة للاستعلامات _v0 |
||
| 650 | 0 | 4 | _aالقانون |
| 650 | 0 | 4 | _aالقانون الدولى |
| 650 | 0 | 4 | _aالقانون الدولى - فلسفة |
| 942 |
_2ddc _cBK |
||
| 999 |
_c47937 _d47937 |
||